[Event "Moscow4"]
[Site "Moscow"]
[Date "1991.??.??"]
[Round "?"]
[White "Baumgartner, Heinz"]
[Black "Saburova, T."]
[Result "0-1"]
[WhiteElo "2345"]
[BlackElo "2040"]
[PlyCount "62"]
[EventDate "1991.??.??"]
[EventType "swiss"]
[EventRounds "9"]
[EventCountry "URS"]
[SourceTitle "TD"]
[Source "ChessBase"]
[SourceDate "1994.03.01"]
[SourceVersion "1"]
[SourceVersionDate "1994.03.01"]
[SourceQuality "1"]

1. e4 e6 2. d4 d5 3. e5 c5 4. c3 Nc6 5. Nf3 Bd7 6. a3 c4 7. Be2 f6 8. exf6 gxf6 9. Bf4 Qb6 10. Qc2 0-0-0 11. Nbd2 Nh6 12. h3 Nf7 13. Bg3 Be7 14. 0-0-0 e5 15. dxe5 fxe5 16. Rhe1 e4 17. Nxe4 Bf5 18. Bxc4 dxc4 19. Qe2 Na5 20. Ned2 Qh6 21. Qe3 Qxe3 22. Rxe3 Bc5 23. Re2 Rd3 24. Rde1 Rhd8 25. Bf4 Bxa3 26. Nd4 Rxc3+ 27. Kd1 Bxb2 28. N2f3 Rd3+ 29. Rd2 Rxd2+ 30. Bxd2 Bxd4 31. Bxa5 Bb6+ 0-1